| 000 | 00736nam a2200217 i 4500 | ||
|---|---|---|---|
| 003 | IT-RoINE | ||
| 005 | 20221017135523.0 | ||
| 008 | 220623s1983 sp |||||r2||| 00| | spa d | ||
| 040 | _aIT-RoINE | ||
| 100 | 1 |
_93163 _aLarrabe, José Luis |
|
| 245 | 1 | 3 |
_aEl derecho fundamental en el nuevo Código de derecho canónico / _cJosé Luis Larrabe. |
| 260 |
_aMadrid : _bInstituto pontificio de teologia, _c1983. |
||
| 300 |
_aP. [221]-236 ; _c24 cm. |
||
| 336 |
_2rdacontent _atext |
||
| 337 |
_2rdamedia _aunmediated |
||
| 338 |
_2rdacarrier _avolume |
||
| 500 | _aSeparata de: Studium XXIII, 1983. | ||
| 504 | _aIncluye referencias bibliográficas en notas. | ||
| 650 | 4 |
_912026 _aDerecho canónico _vLegislación _vCódigos |
|
| 942 | _cMTS | ||
| 999 |
_c37020 _d37020 |
||